000 00859nam a2200241 i 4500
001 bg
100 1 _aLEWANDOWSKI, Włodzimierz
245 1 0 _aLaboratorium obrabiarek /
_cWłodzimierz Lewandowski, Michał Styp-Rekowski, Ryszard Wocianiec.
260 _aBydgoszcz :
_bWydaw. Uczelniane AT-R,
_c1995.
300 _a78 s. :
_brys., wykr. ;
_c24 cm.
490 1 _aSkrypty / Akademia Techniczno-Rolnicza im. Jana i Jędrzeja Śniadeckich w Bydgoszczy
504 _aBibliogr. przy rozdz.
650 9 _aObrabiarki
655 _aPodręczniki akademickie
700 1 _aSTYP-REKOWSKI, Michał
700 1 _aWOCIANIEC, Ryszard
830 0 _aSkrypty (Akademia Techniczno-Rolnicza im. Jana i Jędrzeja Śniadeckich w Bydgoszczy)
040 _cBPK
041 0 _apol
080 _a621.9-114(075.8)
942 _cKS
008 s pl f |000 0 pol
999 _c24501
_d24501
856 _uhttp://koha.tu.koszalin.pl/cgi-bin/koha/opac-detail.pl?biblionumber=24501
_yKatalog online BPK